Informe de Gestión 2006 (Record no. 9470)

MARC details
000 -LEADER
campo de control de longitud fija 00382nam a2200133Ia 4500
001 - NÚMERO DE CONTROL
campo de control 499
008 - DATOS DE LONGITUD FIJA--INFORMACIÓN GENERAL
campo de control de longitud fija 241024s9999 xx 000 0 und d
082 ## - NÚMERO DE LA CLASIFICACIÓN DECIMAL DEWEY
Número de clasificación RD/352.43/R426i/2006
100 ## - ENTRADA PRINCIPAL--NOMBRE DE PERSONA
Nombre de persona República Dominicana.Cámara de Cuentas de la República Dominicana
245 #0 - MENCIÓN DEL TÍTULO
Título Informe de Gestión 2006
260 ## - PUBLICACIÓN, DISTRIBUCIÓN, ETC.
Nombre del editor, distribuidor, etc. Santo Domingo
Fecha de publicación, distribución, etc. 2006
901 ## - ELEMENTOS DE DATOS A LOCAL LDA (RLIN)
a 12/11/2010 9:59:26 a.m.

No items available.

© 2024. Todos los Derechos Reservados. Desarrollado por IDEICE